000 01479cam a22003615i 4500
999 _c19037
_d19009
001 18344061
005 20180924151804.0
008 141022s2014 nyua b 000 0 eng
010 _a 2014430315
020 _a9780071830133 (pbk)
020 _a9789814581387
040 _aDLC
_beng
_cDLC
_erda
042 _apcc
050 0 0 _aRM263
_b.P56 2014 Suppl.
082 0 0 _a615.58
_222
_bPHA
245 0 0 _aPharmacotherapy casebook :
_ba patient-focused approach /
_ceditors Terry L. Schwinghammer, Julia M. Koehler, Jill S. Borchert and Douglas Slain.
250 _a9th ed., International ed.
260 _aNew York :
_bMcGraw-Hill Medical,
_c2014.
300 _axxiii, 461 p. :
_bill. ;
_c28 cm
500 _a"A companion workbook for: Pharmacotherapy: A Pathophysiological Approach, 9th ed., DiPiro JT, Talbert RL, Yee GC, Matzke GR, Wells BG, Posey ML, eds. New York, NY: McGraw-Hill Education, 2014."
504 _aIncludes bibliographical references.
650 0 _aChemotherapy
_vCase studies.
_936704
_2BUEsh
650 0 _aPhysiology, Pathological
_vCase studies.
_2BUEsh
651 _2BUEsh
653 _bPPhrm
_cMarch2015
700 1 _aSchwinghammer, Terry L.,
_eeditor.
700 1 _aKoehler, Julia M.,
_eeditor.
700 1 _aBorchert, Jill S.,
_eeditor.
700 1 _aSlain, Douglas,
_eeditor.
906 _a7
_bcbc
_corignew
_d2
_encip
_f20
_gy-gencatlg
942 _2ddc
_k615.58 PHA